000 03620cam a22004814i 4500
003 PE-LiUPU
005 20250731172903.0
008 170117s2015 xxu rb 001 0 eng d
020 _a0310517958
020 _a9780310517955
035 _a(Sirsi) a166158
040 _aPE-LiUPU
_bspa
_cPE-LiUPU
_erda
049 _aPRUA
082 0 4 _a227.106
_bR3
_223
245 0 0 _aReading Romans in context :
_bPaul and Second Temple Judaism /
_cBen C. Blackwell, John K. Goodrich, & Jason Maston, editors ; foreword by Francis Watson.
264 1 _aGrand Rapids, Michigan :
_bZondervan,
_c[2015]
300 _a192 páginas ;
_c23 centimetros
336 _atext
_2rdacontent
337 _aunmediated
_2rdamedia
338 _avolume
_2rdacarrier
504 _aBibliografía: final de cada capítulo.
504 _aÍndices: páginas 181-190.
505 0 _atPsalms of Solomon and Romans 1:1-17: the "Son of God" and the identity of Jesus /
_rWesley Hill --
_tWisdom of Solomon and Romans 1:18-2:5: God's wrath against all /
_rJonathan A. Linebaugh --
_tJubilees and Romans 2:6-29: circumcision, law observance, and ethnicity /
_rSarah Whittle --
_t4QMMT and Romans 3:1-20: works of the law and justification /
_rJason Maston and Aaron Sherwood --
_tEpistle of Enoch and Romans 3:21-31: The revelation of God's righteousness /
_rJonathan A. Linebaugh --
_tSirach and Romans 4:1-25: the faith of Abraham /
_rMariam J. Kamell --
_tCommunity rule and Romans 5:1-11: the relationship between justification and suffering /
_rMark D. Mathews --
_tPhilo of Alexandria and Romans 5:12-21: Adam, death, and grace /
_rJonathan Worthington --
_tWisdom of Solomon and Romans 6:1-23: slavery to personified powers /
_rJoseph R. Dodson --
_tSirach and Romans 7:1-25: the human, the law, and sin /
_rJason Maston --
_t4 Ezra and Romans 8:1-13: the liberating power of Christ and the Spirit /
_rKyle B. Wells --
_tGreek life of Adam and Eve and Romans 8:14-39: (re-)creation and glory /
_rBen C. Blackwell --
_tPhilo of Alexandria and Romans 9:1-29: grace, mercy, and reason /
_rOrrey McFarland --
_tPhilo of Alexandria and Romans 9:30-10:21: the commandment and the quest for the good life /
_rDavid Lincicum --
_tTobit and Romans 11:1-36: Israel's salvation and the fulfillment of God's word /
_rJohn K. Goodrich --
_t4 Maccabees and Romans 12:1-21: reason and the righteous life /
_rBen C. Dunson --
_tJosephus and Romans 13:1-14: providence and imperial power /
_rDean Pinter --
_t1 Maccabees and Romans 14:1-15:13: embodying the hospitable kingdom community /
_rNijay K. Gupta --
_tTobit and Romans 15:14-33: Jewish almsgiving and the collection /
_rDavid E. Briones --
_tSynagogue Inscriptions and Romans 16:1-27: women and Christian ministry /
_rSusan Mathew.
526 _aSEG42
526 _aSEG41
526 _aSEG40
526 _aSEG39
526 _aP94
526 _aP87
526 _aP86
526 _aP85
526 _aP77
526 _aP76
526 _aP35
650 0 4 _aJudaísmo
_xHistoria
_yPost-período exílico, 586 B.C.-210 A.D.
650 0 4 _aBiblia. Romanos-Crítica, interpretación, etc.
910 _ajck
_bjvq
_cjck
_d20170117.
942 _2ddc
_cBOOK
949 _a227.106 R3
_wDEWEY
_c1
_i75566
_lCATALOGING
_mBUL
_p16.00
_r0
_sY
_tBOOK
_u2017-01-17
_xTEOLOGIA
_zPOSGRADO TEOLOGÍA
_0COMPRA
_o.CIRCNOTE. El documento es de alto precio.
_o.STAFF. Colección Teología
596 _a1
999 _a227.106 R3
_wLC
_c14896
_i75566
_d14896
_f2021-11-9
_g5
_lCCODEBUL1
_mBUL
_p16.00
_q2
_r0
_sY
_tBOOK
_u2017-1-17
_xTEOLOGIA
_PP85
_0COMPRA
_o.STAFF. Colección Teología
980 _81
_gALBERTO SANCHEZ Responsable de Automatización